The New Grove dictionary of music and musicians Volume 11, Harpégé to Hutton

Bibliographic Details
Other Authors: Sadie, Stanley, 1930- (Compiler), Tyrrell, John, 1942- (Editor)
Format: Book
Language:English
PhysicalDescription:xxxvii, 900 s. fotogr., ilustr., noty 26 cm
Published: [New York] Grove 2001
ISBN:0195170679 (viaz.)
Edition:2nd ed.
Subjects:

MARC

LEADER 00000nam a2200000 a 4500
001 vtls008689197
003 SK-MaSNL
005 20260301124002.0
008 060407s2001 xxuo f 000 0deng
020 |a 0195170679 (viaz.) 
040 |a SNK  |b slo  |c SNK  |e AACR2 
041 0 |a eng 
044 |a us  |c US 
072 7 |a 78  |x Hudba  |2 konspekt 
072 7 |a 78.07  |x Hudobníci, skladatelia a iné hudobné povolania  |2 konspekt 
080 |a 78  |2 2001 
080 |a 78.071.1/.2  |2 2001 
080 |a (031)929  |2 2001 
080 |a (031)  |2 2001 
245 0 4 |a The New Grove dictionary of music and musicians  |c edited by Stanley Sadie ; executive editor John Tyrrell  |n Volume 11, Harpégé to Hutton 
250 |a 2nd ed. 
260 |a [New York]  |b Grove  |c 2001 
300 |a xxxvii, 900 s.  |b fotogr., ilustr., noty  |c 26 cm 
500 |a Spoluvyd. Macmillan 
650 0 7 |a hudba  |2 SNKPH  |9 1063 
650 0 7 |a hudobníci  |2 SNKPH  |9 3189 
655 7 |a biografické slovníky  |2 SNKPH  |9 51960 
655 7 |a výkladové slovníky  |2 SNKPH  |9 69007 
700 1 |a Sadie, Stanley,  |d 1930-  |4 com  |9 310662 
700 1 |a Tyrrell, John,  |d 1942-  |4 edt  |9 311042 
919 |a 0-19-517067-9 
999 |c 738043  |d 739973 
952 |t snkGRO/11 78(031)  |a SNKUST  |b SNKUST  |y PREZ  |7 0  |p 17A0505400  |o snkIB 71109/11  |i snk2006/7291  |8 3  |g 64.03  |0 0  |1 0  |4 0  |d 2006-04-07  |l 0  |r 2025-04-28 00:00:00  |w 2026-02-23